[Event "Los Inmortales IV"]
[Site "Santo Domingo DOM"]
[Date "2002.12.02"]
[Round "6"]
[White "Svidler,P"]
[Black "Bologan,V"]
[Result "1/2-1/2"]
[WhiteElo "2690"]
[BlackElo "2627"]

1.e4 c6 2.d4 d5 3.e5 Bf5 4.Nc3 e6 5.g4 Bg6 6.Nge2 Bb4 7.a3 Bxc3+ 8.Nxc3 h5
9.h4 Nd7 10.Bg5 Qb6 11.Na4 Qa5+ 12.Nc3 Qb6 13.Na4 Qc7 14.gxh5 Bxh5 15.Be2 Bxe2
16.Qxe2 Nh6 17.Bxh6 Rxh6 18.O-O  1/2-1/2

[Event "Los Inmortales IV"]
[Site "Santo Domingo DOM"]
[Date "2002.12.05"]
[Round "9"]
[White "Bologan,V"]
[Black "Conquest,S"]
[Result "1/2-1/2"]
[WhiteElo "2627"]
[BlackElo "2537"]

1.e4 Nf6 2.e5 Nd5 3.d4 d6 4.Nf3 dxe5 5.Nxe5 c6 6.Bc4 Nd7 7.Nf3 e6 8.O-O Be7
9.Bb3 b5 10.a4 b4 11.c4 bxc3 12.bxc3 O-O 13.Re1 a5 14.Ba3 Ba6 15.Qc2 Bxa3
16.Nxa3 Qc7 17.c4 Nb4 18.Qc3 c5 19.Nb5 Qb6 20.Rad1 Rad8 21.Bc2 Nxc2 22.Qxc2 Nf6
23.Re5 Bxb5 24.axb5 cxd4 25.Qb2 Nd7 26.Ree1 Nc5 27.Nxd4 Rd6 28.Qb1 Nb7 29.Nc6 Qc5
30.Rxd6 Nxd6 31.Rc1 Ra8 32.Qb2 a4 33.Qb4 Ne4 34.Qxc5 Nxc5 35.Nb4 a3 36.Kf1 Kf8
37.Na2 Ke7 38.Ke2 Kd6 39.Rd1+ Kc7 40.Kd2 Ra4 41.Kc3 Ne4+ 42.Kb3 Nc5+ 43.Kc3 Ne4+
44.Kb3 Nc5+  1/2-1/2

[Event "28th Rapid Open"]
[Site "Aubervilliers FRA"]
[Date "2003.01.26"]
[Round "4"]
[White "Bologan,V"]
[Black "Metzger,C"]
[Result "1-0"]
[WhiteElo "2630"]
[BlackElo "2113"]

1.e4 c5 2.Nf3 Nc6 3.Bb5 e6 4.Bxc6 dxc6 5.O-O Ne7 6.b3 Ng6 7.Bb2 Qc7 8.e5 Be7
9.d3 O-O 10.Nbd2 a5 11.a4 Rd8 12.Re1 Bd7 13.Qe2 Be8 14.Qe4 Rd5 15.Qg4 Rad8
16.h4 h6 17.h5 Nf8 18.Ne4 Nh7 19.Nf6+ Bxf6 20.exf6 Ng5 21.Be5 Rxe5 22.Nxe5 Rd4
23.f4 gxf6 24.Qg3 Kh7 25.fxg5 hxg5 26.c3 Rd5 27.d4 fxe5 28.dxe5 f6 29.Rad1 Rxe5
30.Rxe5 Qxe5 31.Qxe5 fxe5 32.g4 Kh6 33.Rd8 Bf7 34.Rd7 Bg8 35.Rxb7 e4 36.b4 cxb4
37.cxb4 axb4 38.a5 e5 39.a6 Bc4 40.a7  1-0

[Event "28th Rapid Open"]
[Site "Aubervilliers FRA"]
[Date "2003.01.26"]
[Round "6"]
[White "Bologan,V"]
[Black "Todorov,T"]
[Result "1-0"]
[WhiteElo "2630"]
[BlackElo "2462"]

1.e4 c5 2.Nf3 Nc6 3.Bb5 g6 4.Bxc6 bxc6 5.O-O Bg7 6.Re1 f6 7.c3 Nh6 8.d4 cxd4
9.cxd4 O-O 10.Nc3 d6 11.h3 Bd7 12.b3 Qa5 13.Bd2 Qa6 14.Qc2 Nf7 15.Rad1 Rad8
16.Bc1 Qa5 17.Bb2 Qh5 18.Ne2 Rb8 19.Ng3 Qb5 20.e5 Qd5 21.Nd2 Ng5 22.Nc4 Bc8
23.Ne3 Qb5 24.exd6 exd6 25.d5 c5 26.Nc4 Nf7 27.Re7 Qa6 28.Bc3 Ne5 29.Na5 Rf7
30.Rxf7 Nxf7 31.Nc6 Rb7 32.f4 Bd7 33.f5 g5 34.Nh5 Bxc6 35.dxc6 Qxc6 36.Bxf6 Bxf6
37.Nxf6+ Kh8 38.Qc3 Ne5 39.Ng4 Re7 40.f6 Rd7 41.Nxe5 dxe5 42.Rxd7 Qxd7 43.Qxe5 Qd4+
44.Qxd4 cxd4 45.Kf2 Kg8 46.Ke2 Kf7 47.Kd3 Kxf6 48.Kxd4 Kf5 49.g3 a5 50.a3 h5
51.b4 axb4 52.axb4 h4 53.g4+ Kf4 54.b5 Kg3 55.b6 Kxh3 56.b7 Kxg4 57.b8=Q Kh3
58.Ke3 g4 59.Kf2 g3+ 60.Kg1 Kg4 61.Qc8+ Kf3 62.Qf5+ Ke3 63.Kg2  1-0

[Event "Edda Rapid"]
[Site "Reykjavic ISL"]
[Date "2003.03.04"]
[Round "6"]
[White "Vlassov,N"]
[Black "Bologan,V"]
[Result "0-1"]
[WhiteElo "2454"]
[BlackElo "2630"]

1.e4 c6 2.d4 d5 3.e5 Bf5 4.Nc3 a6 5.Be3 h5 6.Nf3 e6 7.Bd3 Ne7 8.O-O Nd7 9.Ne2 c5
10.dxc5 Bg4 11.Nfd4 Nxe5 12.b4 Nxd3 13.cxd3 e5 14.Nb3 d4 15.Bd2 Qd5 16.f4 f6
17.fxe5 fxe5 18.Na5 h4 19.h3 Bf5 20.Bg5 Bd7 21.Nc4 Bc6 22.Rf2 Rd8 23.Qf1 Bb5
24.Nd6+ Rxd6 25.cxd6 Qxd6 26.Rc1 Nc6 27.Rf3 Qg6 28.Bxh4  0-1

[Event "Edda Rapid"]
[Site "Reykjavic ISL"]
[Date "2003.03.04"]
[Round "7"]
[White "Bologan,V"]
[Black "Topalov,V"]
[Result "1-0"]
[WhiteElo "2630"]
[BlackElo "2743"]

1.e4 c5 2.Nf3 Nc6 3.Bb5 d6 4.O-O Bd7 5.Re1 Nf6 6.c3 a6 7.Bf1 Bg4 8.d3 Nd7
9.h3 Bxf3 10.Qxf3 g6 11.Nd2 Bg7 12.Qd1 b5 13.Nf3 O-O 14.d4 b4 15.Bg5 bxc3
16.bxc3 Re8 17.Qa4 Qc7 18.Rac1 e6 19.d5 exd5 20.exd5 Rxe1 21.Rxe1 Nce5 22.Nxe5 Bxe5
23.Qc6 Qxc6 24.dxc6 Nf8 25.Bc4 h6 26.Bxh6 Rc8 27.f4 Bf6 28.Bd5 Bxc3 29.Re2 Ne6
30.Rxe6 fxe6 31.Bxe6+ Kh7 32.Bxc8 Kxh6 33.Bxa6 d5 34.h4 c4 35.g4 Kg7 36.Kf2 Kf6
37.Kf3 Ba5 38.Bb5 Ke7 39.g5 Kd6 40.Ba4 d4 41.Ke4 Be1 42.h5  1-0

[Event "Edda Rapid"]
[Site "Reykjavic ISL"]
[Date "2003.03.05"]
[Round "8"]
[White "Lautier,J"]
[Black "Bologan,V"]
[Result "1-0"]
[WhiteElo "2670"]
[BlackElo "2630"]

1.d4 Nf6 2.c4 e6 3.Nc3 Bb4 4.e3 c5 5.Ne2 d5 6.a3 Bxc3+ 7.Nxc3 cxd4 8.exd4 dxc4
9.Bxc4 Nc6 10.Be3 O-O 11.O-O Ne7 12.Qf3 Qc7 13.Bd3 Bd7 14.Bf4 Qb6 15.Be5 Bc6
16.Qg3 Ng6 17.Bxf6 gxf6 18.h4 Kh8 19.h5 Ne7 20.Qf4 Ng8 21.d5 Bd7 22.Rad1 Qxb2  1-0

[Event "1st Samba Cup"]
[Site "Skanderborg DEN"]
[Date "2003.10.10"]
[Round "1"]
[White "Hansen,Cu"]
[Black "Bologan,V"]
[Result "1/2-1/2"]
[WhiteElo "2616"]
[BlackElo "2673"]

1.c4 g6 2.d4 Bg7 3.e4 d6 4.Nc3 Nf6 5.Nf3 O-O 6.Be2 e5 7.O-O Nc6 8.d5 Ne7
9.Bd2 Ne8 10.Ne1 f5 11.Nd3 fxe4 12.Nxe4 c6 13.Qb3 Kh8 14.Rae1 b5 15.Nb4 bxc4
16.Bxc4 Rb8 17.Qa3 Qb6 18.b3 cxd5 19.Nxd5 Nxd5 20.Bxd5 Qa6 21.Qc1 Bb7 22.Bxb7 Qxb7
23.b4 d5 24.Nc5 Qf7 25.a3 Nd6 26.Bh6 Bxh6 27.Qxh6 Rfe8 28.Qd2 Nc4 29.Qc3 Kg8
30.Re2 Rb6 31.Rd1 Rf6 32.Qd3 Rd6 33.h3 Qc7 34.Rc2 Red8 35.Ne6 Rxe6 36.Rxc4 Rc6
37.Rxc6 Qxc6 38.Qe3 Qc7 39.Rc1 Qe7 40.Rc5 d4 41.Qe4 Qd6 42.Rxe5 d3 43.Re6 Qf8
44.Re7 d2 45.Qe6+ Kh8 46.Qe5+  1/2-1/2

[Event "1st Samba Cup"]
[Site "Skanderborg DEN"]
[Date "2003.10.17"]
[Round "7"]
[White "Bologan,V"]
[Black "Kasimdzhanov,R"]
[Result "1/2-1/2"]
[WhiteElo "2673"]
[BlackElo "2668"]

1.e4 e5 2.Nf3 Nc6 3.Bb5 a6 4.Ba4 Nf6 5.O-O Be7 6.Re1 d6 7.Bxc6+ bxc6 8.d4 exd4
9.Nxd4 Bd7 10.c4 O-O 11.Nc3 c5 12.Nf3 Bg4 13.h3 Bxf3 14.Qxf3 Nd7 15.Nd5 Re8
16.Bd2 Bf6 17.Ba5 Rc8 18.Nxf6+ Qxf6 19.Qxf6 Nxf6 20.f3 Nd7 21.Rad1 f6 22.f4 Re7
23.Kf2 Nb8 24.Kf3 Nc6 25.Bc3 a5 26.g4 a4 27.h4 Rb8 28.Re2 Nb4 29.a3 Nc6 30.Ke3 Kf7
31.Kd3 h6 32.Rf1 Rb3 33.Kd2 Nd4 34.Re3 Rb8 35.Kd3 Nc6 36.Rf2 Rbe8 37.Rg2 Rh8
38.Reg3 Nd8 39.f5 Nc6 40.g5 hxg5 41.hxg5 Ne5+ 42.Bxe5 Rxe5 43.gxf6 gxf6 44.Rg7+ Kf8
45.R2g4 Re7 46.Rxe7 Rh3+ 47.Kd2 Rh2+ 48.Ke3 Kxe7 49.Rg7+ Ke8 50.Rxc7 Rxb2
51.Ra7 Rb3+ 52.Kf4 Rxa3 53.e5 dxe5+ 54.Ke4 Ra1 55.Kd5 a3 56.Ke6 Kd8 57.Rd7+ Kc8
58.Rd3 e4 59.Re3 a2 60.Re2 e3 61.Kxf6 Kd7 62.Ke5  1/2-1/2

[Event "1st Samba Cup"]
[Site "Skanderborg DEN"]
[Date "2003.10.18"]
[Round "8"]
[White "Sadvakasov,D"]
[Black "Bologan,V"]
[Result "1/2-1/2"]
[WhiteElo "2595"]
[BlackElo "2673"]

1.e4 c5 2.Nf3 d6 3.d4 cxd4 4.Nxd4 Nf6 5.Nc3 a6 6.Be3 e5 7.Nb3 Be6 8.f3 Be7
9.Qd2 O-O 10.O-O-O Nbd7 11.g4 b5 12.Kb1 b4 13.Nd5 Bxd5 14.exd5 Nb6 15.Bxb6 Qxb6
16.h4 a5 17.Nc1 Rfc8 18.Bd3 a4 19.g5 Nh5 20.Bf5 Rc5 21.Ne2 g6 22.Be4 Rac8
23.Rc1 Rc3 24.Rhd1 Bd8 25.Ka1 Qb7 26.f4 Nxf4 27.Nxf4 exf4 28.Qxf4 R3c4 29.Kb1 Qe7
30.Re1 Qf8 31.Qf2 a3 32.Bd3 axb2 33.Kxb2 R4c5 34.Re4 Bb6 35.Kb1 Ra8 36.Qf6 Rxd5
37.Rxb4 Bd8 38.Qb2 Rda5 39.Rf1 d5 40.Rb7 Be7 41.Qe5 R5a7 42.Rxa7 Rxa7 43.Qxd5 Qb8+
44.Bb5 Ba3 45.Rd1 Bf8 46.Qc4 Rc7 47.Qb3 Rb7 48.a4 Qf4 49.Rd8 Qxh4 50.Qc3 Qe4
51.Ka2 Qe6+ 52.Qb3 Qe7 53.Rd5 Rc7 54.a5 h5 55.gxh6 Bxh6 56.a6 Bg7 57.Bd3 Rc3
58.Qb8+ Bf8 59.Ra5 Qe6+ 60.Kb2 Rxd3 61.cxd3 Qe2+ 62.Kc3  1/2-1/2

[Event "2nd Milk Tournament"]
[Site "Selfoss ISL"]
[Date "2003.10.31"]
[Round "3"]
[White "Thorhallsson,T"]
[Black "Bologan,V"]
[Result "0-1"]
[WhiteElo "2444"]
[BlackElo "2673"]

1.e4 c5 2.Nf3 e6 3.c3 Nf6 4.e5 Nd5 5.d4 cxd4 6.cxd4 d6 7.exd6 Bxd6 8.Nc3 Nxc3
9.bxc3 Qc7 10.Bd2 Nd7 11.Bd3 b6 12.O-O Bb7 13.Re1 O-O 14.h4 Bf4 15.Ng5 Nf6
16.Rc1 h6 17.Ne4 Bxe4 18.Bxe4 Bxd2 19.Qxd2 Rad8 20.Bf3 Rfe8 21.Re2 Re7 22.g3 Qc4
23.Qb2 Rc7 24.Rd2 Qa4 25.Qb3 Qa5 26.Rdc2 g6 27.a4 e5 28.dxe5 Qxe5 29.c4 Qf5
30.Bg2 Rcd7 31.Qf3 Qe5 32.Rc3 Rc7 33.a5 Rd4 34.axb6 axb6 35.R3c2 Kg7 36.Qb3 Rcd7
37.Bf3 Qf5 38.Rc3 Rd3 39.Bd5 Ng4 40.Qxb6 Rd2 41.Rf3 Qe5 42.Qb3 Qe2 43.Rf1 h5
44.Qc3+ Kh7 45.Rf4 Rd3 46.Re1 Qxf2+ 47.Rxf2 Rxc3 48.Rxf7+ Rxf7 49.Bxf7 Rxg3+
50.Kh1 Kg7 51.Be6 Kf6 52.Bd5 Ne5 53.Kh2 Rc3 54.Rf1+ Ke7 55.Re1 Kd6 56.Kg2 Rd3
57.Ra1 Rd4 58.Ra6+ Kc5 59.Re6 Rg4+ 60.Kh3 Nd3 61.Rc6+ Kd4 62.Bf3 Nf4+ 63.Kh2 Rxh4+
64.Kg3 g5 65.Rc8 Rh3+ 66.Kf2 g4 67.Rd8+ Kxc4 68.Be4 Kc3 69.Rd7 Nd3+ 70.Kg2 Nc5
71.Rc7 Kd4 72.Bg6 Ne6 73.Rd7+ Ke5 74.Bf7 Nf4+ 75.Kg1 Rc3 76.Rd1 h4 77.Re1+ Kf5
78.Be8 Rd3 79.Bc6 Rd2 80.Be4+ Kg5 81.Bc6 h3 82.Ra1 Kh4 83.Rb1 Ne2+ 84.Kf1 Ng3+
85.Ke1 Re2+ 86.Kd1 Re6 87.Ba8 Ra6 88.Bb7 Ra2 89.Bc6 h2 90.Rb8 h1=Q+ 91.Bxh1 Nxh1
92.Kc1 Nf2 93.Kb1 Re2 94.Kc1 Kg3 95.Rh8 Kf3 96.Rf8+ Kg2 97.Rf7 g3 98.Rh7 Kg1
99.Rg7 g2 100.Rf7 Kf1 101.Rg7 g1=Q  0-1

[Event "2nd Milk Tournament"]
[Site "Selfoss ISL"]
[Date "2003.11.04"]
[Round "6"]
[White "Bologan,V"]
[Black "Stefansson,H"]
[Result "0-1"]
[WhiteElo "2673"]
[BlackElo "2567"]

1.e4 e5 2.Nf3 Nc6 3.Bc4 Bc5 4.c3 Nf6 5.d3 a6 6.Bb3 d6 7.Nbd2 O-O 8.h3 Be6
9.Nf1 h6 10.g4 Nh7 11.g5 hxg5 12.Rg1 Bxb3 13.axb3 f5 14.exf5 Rxf5 15.Ng3 Rf7
16.b4 Bb6 17.Be3 Qf6  0-1

[Event "2nd Milk Tournament"]
[Site "Selfoss ISL"]
[Date "2003.11.05"]
[Round "7"]
[White "Sokolov,I"]
[Black "Bologan,V"]
[Result "1-0"]
[WhiteElo "2695"]
[BlackElo "2673"]

1.d4 d6 2.c4 e5 3.Nf3 e4 4.Nfd2 f5 5.Nc3 Nf6 6.e3 g6 7.Be2 Bg7 8.b4 O-O 9.b5 a6
10.a4 axb5 11.cxb5 Be6 12.O-O Nbd7 13.a5 Re8 14.a6 Nb6 15.Qc2 Qd7 16.Bb2 Reb8
17.Rfc1 Qf7 18.Ba3 Bh6 19.Nd1 Ne8 20.axb7 Rxb7 21.Bb2 Rab8 22.Ra3 Nd5 23.Rca1 Bd7
24.Ra7 Bxb5 25.Rxb7 Rxb7 26.Bxb5 Rxb5 27.Ra8 Qd7 28.Nc3 Qc6 29.Qa4 Nxc3 30.Bxc3 Kf8
31.g3 Rb6 32.Qa3 Bg7 33.Kg2 Ke7 34.Ra4 Rb8 35.Nc4 Qd5 36.Qa2 Kf8 37.Ra3 Qb7
38.Ra5 Bf6 39.Nd2 Kg7 40.Qe6 Qc8 41.Qd5 Qd7 42.Ra7 Bd8 43.Nc4 Nf6 44.Qa5 Qc6
45.Nd2 Nd5 46.Ba1 Kf8 47.Qa2 Nb4 48.Qe6 Qb6 49.Ra3 d5 50.Qd7 Be7 51.Rc3 c6
52.Ra3 Qb7 53.Qe6 Nd3 54.Rb3 Qc8 55.Rxb8 Qxb8 56.Qxc6 Qa7 57.Bc3 Qa2 58.Qc8+ Kf7
59.Qh8 Bf6 60.Qxh7+ Bg7 61.h4 Ne1+ 62.Kf1 Nf3 63.h5 Qa6+ 64.Kg2 Ng5 65.hxg6+ Qxg6
66.Qh4 Qh6  1-0

[Event "2nd Milk Tournament"]
[Site "Selfoss ISL"]
[Date "2003.11.06"]
[Round "8"]
[White "Fressinet,L"]
[Black "Bologan,V"]
[Result "0-1"]
[WhiteElo "2654"]
[BlackElo "2673"]

1.e4 c5 2.Nc3 a6 3.Nge2 b5 4.d4 cxd4 5.Nxd4 Bb7 6.Bd3 Nc6 7.Nxc6 Bxc6 8.O-O e6
9.Re1 Bc5 10.Qh5 d6 11.Be3 Nf6 12.Qg5 Bxe3 13.Rxe3 O-O 14.Rg3 Ne8 15.Qh5 e5
16.Rf1 Qe7 17.f4 exf4 18.Rxf4 g6 19.Qf3 Ng7 20.Qf2 Rae8 21.Re3 Qe5 22.a3 Ne6
23.Rff3 Nc5 24.Re1 Re6 25.Rfe3 Rb8 26.Rf3 Re7 27.Rfe3 Qd4 28.Rd1 Qe5 29.Rde1 Kg7
30.h3 Rbe8 31.R3e2 Re6 32.Kh1 Rf6 33.Qe3 Rfe6 34.Qd2 R8e7 35.Kg1 Nd7 36.Kh1 Nf6
37.Re3 Qd4 38.R1e2 Nh5 39.Rf3 f5 40.exf5 Bxf3 41.Rxe6 Rxe6  0-1

[Event "ch-Europe Internet Blitz"]
[Site "playchess.com INT"]
[Date "2003.11.09"]
[Round "1.2"]
[White "Borg,G"]
[Black "Bologan,V"]
[Result "1-0"]
[WhiteElo "2367"]
[BlackElo "2673"]

1.d4 Nf6 2.c4 g6 3.Nc3 Bg7 4.e4 d6 5.f4 O-O 6.Nf3 c5 7.d5 b5 8.cxb5 a6 9.a4 e6
10.dxe6 fxe6 11.Be2 d5 12.e5 Nh5 13.g3 axb5 14.Bxb5 Bb7 15.O-O d4 16.Nb1 Na6
17.Nbd2 Nb4 18.Qb3 Kh8 19.Bc4 Bd5 20.Bxd5 exd5 21.Ng5 Qe7 22.Ndf3 Rfb8 23.Qd1 d3
24.b3 Nc2 25.Rb1 c4 26.Kg2 Qd7 27.e6 Qe7 28.bxc4 Rxb1 29.Qxd3 Ra1 30.Qxc2 R1xa4
31.Bb2 Ra2 32.Rb1 dxc4 33.Ne5 Qb7+ 34.Kh3 Qb3 35.Qe4 c3 36.Nxg6+ hxg6 37.Qxg6 Nxf4+
38.gxf4 c2+ 39.Kh4 Qh3+ 40.Kxh3 R2a3+ 41.Kh4 Rh3+ 42.Kxh3 Ra3+ 43.Kh4 Rh3+
44.Kxh3 Bxb2 45.Qh7+  1-0

[Event "ch-Europe Internet Blitz"]
[Site "playchess.com INT"]
[Date "2003.11.09"]
[Round "1.1"]
[White "Bologan,V"]
[Black "Borg,G"]
[Result "1-0"]
[WhiteElo "2673"]
[BlackElo "2367"]

1.e4 c5 2.Nf3 g6 3.d4 Bg7 4.Nc3 cxd4 5.Nxd4 Nc6 6.Be3 Nf6 7.Bc4 Qa5 8.O-O O-O
9.Bb3 d6 10.h3 Bd7 11.Re1 Rfe8 12.Qe2 Qh5 13.Qf1 Nxd4 14.Bxd4 Bc6 15.Rad1 Nd7
16.Bxg7 Kxg7 17.f4 Qc5+ 18.Kh2 b5 19.Nd5 Rac8 20.Rd3 a6 21.c3 Bxd5 22.Rxd5 Qc7
23.Kh1 Nc5 24.f5 Nd7 25.fxg6 hxg6 26.e5 e6 27.exd6 Qc6 28.Rd4 Rcd8 29.Qf2 e5
30.Qxf7+ Kh6 31.Rh4+  1-0

[Event "ch-Europe Internet Blitz"]
[Site "playchess.com INT"]
[Date "2003.11.09"]
[Round "1.3"]
[White "Bologan,V"]
[Black "Borg,G"]
[Result "1-0"]
[WhiteElo "2673"]
[BlackElo "2367"]

1.e4 c5 2.Nf3 g6 3.d4 Bg7 4.Nc3 Qa5 5.dxc5 Bxc3+ 6.bxc3 Qxc3+ 7.Bd2 Qxc5
8.Bd3 Nf6 9.O-O d6 10.Re1 Nbd7 11.Rb1 O-O 12.e5 Nxe5 13.Nxe5 dxe5 14.Rb5 Qc7
15.h3 Be6 16.Rbxe5 Kg7 17.Bf4 Qd7 18.Qd2 Rfe8 19.Bh6+ Kg8 20.Qg5 a6 21.Rxe6 fxe6
22.Bxg6 Kh8 23.Bg7+ Kg8 24.Bxe8 Nxe8 25.Be5+ Kf7 26.Qh5+ Kg8 27.Re3 Nf6 28.Rg3+ Kf8
29.Bxf6 exf6 30.Qh6+ Ke8 31.Rg8+  1-0

[Event "ch-Europe Internet Blitz"]
[Site "playchess.com INT"]
[Date "2003.11.09"]
[Round "1.5"]
[White "Bologan,V"]
[Black "Borg,G"]
[Result "0-1"]
[WhiteElo "2673"]
[BlackElo "2367"]

1.e4 c5 2.Nf3 g6 3.d4 Bg7 4.d5 Nf6 5.Nc3 O-O 6.h3 d6 7.a4 e6 8.Be2 exd5 9.exd5 Na6
10.O-O Nc7 11.Bf4 Re8 12.Bb5 Nxb5 13.Nxb5 Ne4 14.Nd2 a6 15.Re1 axb5 16.Nxe4 Rxa4
17.Rxa4 bxa4 18.Nxd6 Rxe1+ 19.Qxe1 Bxb2 20.Nc4 Bf6 21.d6 Be6 22.Qe4 b5 23.Ne5 Qxd6
24.Ng4 Qd1+ 25.Kh2 Bxg4 26.hxg4 Qxg4 27.Qe8+ Kg7 28.Bd6 Qh5+ 29.Kg3 Qg5+
30.Kf3 Qd5+  0-1

[Event "It"]
[Site "Pamplona ESP"]
[Date "2003.12.26"]
[Round "5"]
[White "Bologan,V"]
[Black "Sutovsky,E"]
[Result "0-1"]
[WhiteElo "2673"]
[BlackElo "2646"]

1.e4 c5 2.Nf3 d6 3.d4 cxd4 4.Nxd4 Nf6 5.Nc3 a6 6.Be3 e5 7.Nb3 Be6 8.f3 Nbd7
9.g4 Nb6 10.Qd2 d5 11.g5 d4 12.Nxd4 exd4 13.Bxd4 Nh5 14.Qf2 Nc4 15.Bxc4 Bxc4
16.O-O-O Qxg5+ 17.Kb1 Be7 18.Be3 Qh4 19.Qxh4 Bxh4 20.Nd5 Bd8 21.Rd4 Rc8 22.b3 Be2
23.f4 Nf6 24.Re1 Bb5 25.c4 Bc6 26.f5 Bxd5 27.exd5 Kd7 28.Rd3 Re8 29.Rf1 Ne4  0-1

[Event "It"]
[Site "Pamplona ESP"]
[Date "2003.12.28"]
[Round "7"]
[White "Bologan,V"]
[Black "Illescas Cordoba,M"]
[Result "1/2-1/2"]
[WhiteElo "2673"]
[BlackElo "2602"]

1.d4 d5 2.c4 c6 3.Nf3 Nf6 4.Nc3 dxc4 5.a4 Bf5 6.Ne5 Nbd7 7.Nxc4 Nb6 8.e3 e6
9.f3 Bb4 10.Qb3 a5 11.Be2 Nxc4 12.Qxc4 O-O 13.e4 e5 14.exf5 exd4 15.O-O dxc3
16.bxc3 Bd6 17.Bg5 Be7 18.Rab1 Nd5 19.Bc1 Rb8 20.Rd1 Qd6 21.Bd2 Bf6 22.f4 Qe7
23.Re1 Bxc3 24.Bf3 Qf6 25.Bxc3 Nxc3 26.Rbc1 Nd5 27.Bxd5 cxd5 28.Qxd5 h6 29.Qxa5 Qd4+
30.Kh1 Ra8 31.Qc7 Rxa4 32.Qxb7 Qxf4 33.Rf1  1/2-1/2

[Event "Aeroflot Open"]
[Site "Moscow RUS"]
[Date "2004.02.22"]
[Round "6"]
[White "Bologan,V"]
[Black "Stefansson,H"]
[Result "1/2-1/2"]
[WhiteElo "2679"]
[BlackElo "2572"]

1.e4 e5 2.Nf3 Nc6 3.Bb5 a6 4.Ba4 Nf6 5.O-O Be7 6.Re1 b5 7.Bb3 d6 8.c3 O-O
9.h3 Na5 10.Bc2 c5 11.d4 Nd7 12.Nbd2 exd4 13.cxd4 Nc6 14.d5 Nce5 15.a4 Rb8
16.Nh2 Ng6 17.Ndf1 Bg5 18.Ne3 Nf6 19.Nf3 Bf4 20.axb5 axb5 21.b4 Re8 22.Nf1 Nd7
23.Bxf4 Nxf4 24.Ne3 cxb4 25.Rb1 Nc5 26.Rxb4 Qf6 27.Ng4 Qc3 28.Rb1 Bd7 29.Re3 Qc4
30.Rc1 Rbc8 31.Bb1 Qa4 32.Qe1 b4 33.Rd1 f6 34.Rd4 Bxg4 35.hxg4 Qd7 36.g3 Qxg4
37.Nh2 Qg5 38.Rxb4 Ng6 39.Bc2 Rb8 40.Qb1 Rxb4 41.Qxb4 Ra8 42.Nf3  1/2-1/2

[Event "Hrokurinn Rapid"]
[Site "Reykjavic ISL"]
[Date "2004.03.03"]
[Round "8"]
[White "Bologan,V"]
[Black "Thorfinnsson,Bj"]
[Result "1/2-1/2"]
[WhiteElo "2679"]
[BlackElo "2340"]

1.e4 e5 2.Nf3 Nc6 3.Bc4 d6 4.c3 Be6 5.Bxe6 fxe6 6.Qb3 Qc8 7.Ng5 Nd8 8.d4 exd4
9.cxd4 Be7 10.O-O Nf6 11.Nc3 c6 12.f4 h6 13.Nf3 O-O 14.Nh4 Rf7 15.Ng6 Qd7
16.Be3 Bf8 17.h3 b6 18.Rad1 Qb7 19.g4 c5 20.d5 exd5 21.exd5 Qd7 22.f5 Be7
23.Bf4 h5 24.Qb5 Qxb5 25.Nxb5 a6 26.Bxd6 Bxd6 27.Nxd6 Rd7 28.Nc4 Raa7 29.Nxb6 Rdb7
30.Nc4 hxg4 31.hxg4 Nxg4 32.Rf4 Nf6 33.Rh4 Nf7 34.Nd6 Rxb2 35.Nxf7 Kxf7 36.Rh8 Nd7
37.Re1 Kf6 38.Rh5 Rb6 39.Nf4 Ne5 40.Rc1 c4 41.Ne2 Rb2 42.Nc3 Nd3 43.Rf1 Re7
44.d6 Re5 45.d7 Rb8 46.Rh4 Rd8 47.Ne4+ Ke7 48.f6+ gxf6 49.Nxf6 Rg5+ 50.Kh1 Ne5
51.Rh7+ Ke6 52.Ne4 Rgg8 53.Nc5+ Kd5 54.Nb7 Rh8 55.Rxh8 Rxh8+ 56.Kg2  1/2-1/2

[Event "5th Karpov"]
[Site "Poikovsky RUS"]
[Date "2004.03.25"]
[Round "8"]
[White "Bologan,V"]
[Black "Zvjaginsev,V"]
[Result "1/2-1/2"]
[WhiteElo "2679"]
[BlackElo "2654"]

1.e4 e5 2.Nf3 Nc6 3.Bb5 a6 4.Ba4 Nf6 5.O-O Be7 6.Re1 b5 7.Bb3 O-O 8.h3 Bb7
9.d3 d6 10.a3 Na5 11.Ba2 c5 12.Nc3 Nc6 13.Nd5 Nxd5 14.Bxd5 Qc7 15.c3 Nb8
16.Bxb7 Qxb7 17.Nh2 Nc6 18.Ng4 f5 19.Ne3 f4 20.Nd5 Bd8 21.a4 b4 22.Bd2 a5
23.d4 Ne7 24.Qb3 Kh8 25.dxe5 dxe5 26.Qc4 Bb6 27.Red1 Nxd5 28.exd5 Rad8 29.Be1 f3
30.Bd2 Qxd5 31.Qxd5 Rxd5 32.Be3 Rfd8 33.Rxd5 Rxd5 34.cxb4 axb4 35.a5 Ba7
36.gxf3 Kg8 37.Kf1 Kf7 38.Ke2 Ke6 39.b3 Rd6 40.Rg1 g6 41.Rc1 Rd8 42.Bxc5  1/2-1/2

[Event "ACP Blitz Prelim4"]
[Site "playchess.com INT"]
[Date "2004.04.15"]
[Round "3"]
[White "Epishin,V"]
[Black "Bologan,V"]
[Result "1-0"]
[WhiteElo "2610"]
[BlackElo "2665"]

1.d4 Nf6 2.c4 e6 3.Nc3 Bb4 4.Qb3 c5 5.dxc5 Na6 6.Bd2 O-O 7.Rd1 Bxc5 8.Nf3 b6
9.Bg5 Bb7 10.e3 Be7 11.Be2 h6 12.Bh4 Nc5 13.Qc2 Nfe4 14.Bxe7 Qxe7 15.O-O f5
16.Nb5 a6 17.Nbd4 a5 18.Ne5 Qf6 19.Ndf3 Rad8 20.Nd3 Bc6 21.Nd4 Ba8 22.f3 Nxd3
23.Qxd3 Nc5 24.Qc3 f4 25.exf4 Qxf4 26.Nb3 Na4 27.Qd2 Bc6 28.Nd4 Bb7 29.b3 Nc5
30.Qxf4 Rxf4 31.g3 Rff8 32.f4 Kf7 33.Bf3 Bxf3 34.Nxf3 d6 35.Rfe1 Rfe8 36.h4 Rd7
37.Kg2 Red8 38.h5 Ke7 39.f5 e5 40.g4 Kf6 41.Kg3 Rb8 42.Rd5 Rc8 43.Nd2 Rc6
44.a3 Ke7 45.Re3 Kd8 46.b4 axb4 47.axb4 Nb7 48.g5 hxg5 49.Kg4 Ke7 50.Kxg5 Nd8
51.Kg6 Ke8 52.b5 Rcc7 53.Ne4 Nf7 54.f6 gxf6 55.Nxf6+ Ke7 56.Nxd7 Rxd7 57.Rf3 Kf8
58.h6 Ke8 59.h7 Nh8+ 60.Kh6 Ke7 61.Rd1 Ke6 62.Rg1 e4 63.Rf8  1-0

[Event "ACP Blitz Prelim4"]
[Site "playchess.com INT"]
[Date "2004.04.15"]
[Round "6"]
[White "Bologan,V"]
[Black "Psakhis,L"]
[Result "1-0"]
[WhiteElo "2665"]
[BlackElo "2545"]

1.e4 e6 2.d4 d5 3.Nc3 Bb4 4.e5 c5 5.a3 Bxc3+ 6.bxc3 Qa5 7.Bd2 Qa4 8.Qg4 g6
9.Qd1 Nc6 10.Nf3 b6 11.h4 h5 12.dxc5 bxc5 13.Be3 c4 14.Be2 Nge7 15.O-O Qa5
16.Qd2 Nf5 17.Bg5 Qc7 18.Bf6 Rg8 19.Qf4 Ba6 20.Ng5 Qa5 21.g4 hxg4 22.Bxg4 Qxc3
23.Rad1 Qxc2 24.Rxd5 exd5 25.e6 fxe6 26.Qc7 Ncd4 27.Qf7+  1-0

[Event "TCh-BIH"]
[Site "Neum BIH"]
[Date "2004.05.30"]
[Round "2"]
[White "Nisipeanu,LD"]
[Black "Bologan,V"]
[Result "1/2-1/2"]
[WhiteElo "2692"]
[BlackElo "2665"]

1.e4 e5 2.Nf3 Nf6 3.Nxe5 d6 4.Nf3 Nxe4 5.d4 d5 6.Bd3 Nc6 7.O-O Be7 8.c4 Nb4
9.Be2 O-O 10.a3 Nc6 11.cxd5 Qxd5 12.Nc3 Nxc3 13.bxc3 Na5 14.Re1 Bd6 15.Nd2 Bd7
16.Bf3 Qf5 17.Nf1 Rae8 18.Ne3 Qf4 19.g3 Qf6 20.Kg2 b5 21.a4 b4 22.Bd2 Nc6
23.a5 Rb8 24.Be4 bxc3 25.Bxc3 Rfe8 26.Ng4 Bxg4 27.Qxg4 Bb4 28.Bxb4 Nxb4 29.Qd7 Qd6
30.Qxd6 cxd6  1/2-1/2

[Event "36th Olympiad"]
[Site "Calvia ESP"]
[Date "2004.10.23"]
[Round "8"]
[White "Gelfand,B"]
[Black "Bologan,V"]
[Result "1/2-1/2"]
[WhiteElo "2693"]
[BlackElo "2669"]

1.d4 Nf6 2.c4 g6 3.Nc3 Bg7 4.e4 d6 5.Nf3 O-O 6.Be2 e5 7.Be3 Ng4 8.Bg5 f6
9.Bh4 Nc6 10.d5 Ne7 11.Nd2 Nh6 12.f3 c5 13.Rb1 a5 14.a3 g5 15.Bf2 f5 16.b4 axb4
17.axb4 b6 18.O-O Ng6 19.g3 g4 20.exf5 Bxf5 21.Nde4 gxf3 22.Bxf3 Nh8 23.Be3 N8f7
24.g4 Bg6 25.Qe1 Kh8  1/2-1/2

[Event "EuCh-Internet KO"]
[Site "playchess.com INT"]
[Date "2004.11.07"]
[Round "1.1"]
[White "Adams,Mi"]
[Black "Bologan,V"]
[Result "1-0"]
[WhiteElo "2740"]
[BlackElo "2669"]


1.e4 c6 2.d4 d5 3.exd5 cxd5 4.c4 Nf6 5.Nc3 e6 6.Nf3 Bb4 7.cxd5 Nxd5 8.Qc2 Nc6
9.Be2 O-O 10.O-O Be7 11.Rd1 Bd7 12.Nxd5 exd5 13.Qb3 Bc8 14.Bf4 Na5 15.Qc3 Nc6
16.Ne5 Nxe5 17.dxe5 Be6 18.Bf3 Qd7 19.Be3 Rfc8 20.Qd3 Rd8 21.h3 b6 22.Bd4 Rac8
23.Rac1 Bg5 24.Rc3 Rc4 25.b3 Rxc3 26.Bxc3 Qc7 27.Bd4 Bf4 28.Qe2 g6 29.g3 Bh6
30.h4 Rc8 31.Be3 Bg7 32.Bf4 Qc2 33.Qxc2 Rxc2 34.Bxd5 Rxa2 35.Bxe6 fxe6 36.Rd8+ Kf7
37.Rd7+ Kg8 38.Rb7 Ra5 39.Bd2 Rb5 40.Rxa7 Bxe5 41.b4 Bd6 42.Bh6 Be5 43.Ra8+ Kf7
44.Rf8+ Ke7 45.Ra8 Kf7 46.Ra4 Bc3 47.Ra7+ Kg8 48.Rc7 Be5 49.Re7 Rxb4 50.Rxe6 Bg7
51.Be3 b5 52.Re8+ Kf7 53.Rb8 Rb1+ 54.Kg2 Be5 55.Rb7+ Ke6 56.Kf3 b4 57.Ke4 Bd6
58.Rb6 Kd7 59.Kd5 Rd1+ 60.Kc4 Kc7 61.Ra6 Kd7 62.Ra7+ Ke6 63.Rxh7 Re1 64.Rh6 Kf7
65.Rh7+ Ke6 66.Rh6 Kf7 67.h5 Bxg3 68.Rxg6 Be5 69.Rb6 Rh1 70.h6 Bc3 71.Kd5 Rh5+
72.Ke4 Rh4+ 73.Kf5 Rh5+ 74.Bg5 Bd2 75.f4 Bxf4 76.Kxf4 Rh1 77.Kf5 Rf1+ 78.Bf4 Rh1
79.Rxb4  1-0

[Event "EuCh-Internet KO"]
[Site "playchess.com INT"]
[Date "2004.11.07"]
[Round "1.2"]
[White "Bologan,V"]
[Black "Adams,Mi"]
[Result "1/2-1/2"]
[WhiteElo "2669"]
[BlackElo "2740"]


1.e4 e5 2.Nf3 Nc6 3.Bc4 Bc5 4.c3 Nf6 5.d3 a6 6.Nbd2 Ba7 7.Bb3 O-O 8.h3 d5
9.Qe2 Re8 10.Nf1 Be6 11.Ng5 Na5 12.Nxe6 Rxe6 13.Bc2 Qd7 14.Ng3 Rd8 15.O-O Nc6
16.Qf3 Ne7 17.Re1 c6 18.h4 h6 19.h5 a5 20.a3 Qc7 21.b4 b5 22.Bb3 a4 23.Ba2 c5
24.exd5 Nfxd5 25.Ne4 cxb4 26.axb4 f5 27.Nc5 Bxc5 28.bxc5 Kh8 29.Ba3 e4 30.dxe4 fxe4
31.Qh3 Re5 32.Qh2 e3 33.fxe3 Nxc3 34.Bf7 Ned5 35.Bxd5 Nxd5 36.Rad1 Ree8 37.Qxc7 Nxc7
38.e4 Na6 39.Rd6 b4 40.Rxa6 bxa3 41.Rxa4 Rd3 42.c6 Rc3 43.Ra6 Rc8 44.e5 R8xc6
45.Rxc6 Rxc6 46.e6 Rc8 47.e7 Re8 48.Ra1 Rxe7 49.Rxa3 Re5 50.Rh3 Rf5 51.g4 Rf4
52.Rg3 Kh7  1/2-1/2